ბათუმის შოთა რუსთაველის სახელმწიფო უნივერსიტეტის ბიბლიოთეკა

Теплотехнический справочник в двух томах. Том 2. (ბიბ.ჩანაწერი № 37048)

000 -LEADER
fixed length control field 00634nam a2200205Ia 4500
001 - CONTROL NUMBER
control field 3002
003 - CONTROL NUMBER IDENTIFIER
control field GE_BSU
008 - FIXED-LENGTH DATA ELEMENTS--GENERAL INFORMATION
fixed length control field 181216s||||||||xx |||||||||||||| ||und||
040 ## - CATALOGING SOURCE
Transcribing agency GE_BSU
080 ## - UNIVERSAL DECIMAL CLASSIFICATION NUMBER
Universal Decimal Classification number 621.1(035)
245 ## - TITLE STATEMENT
Title Теплотехнический справочник в двух томах. Том 2.
245 ## - TITLE STATEMENT
Statement of responsibility, etc. Под общ. ред. В.Н.Юренева и П.Д.Леведева.
250 ## - EDITION STATEMENT
Edition statement Изд. 2-е, перераб.
260 ## - PUBLICATION, DISTRIBUTION, ETC.
Place of publication, distribution, etc. М.
260 ## - PUBLICATION, DISTRIBUTION, ETC.
Name of publisher, distributor, etc. Энергия.
260 ## - PUBLICATION, DISTRIBUTION, ETC.
Date of publication, distribution, etc. 1962.
300 ## - PHYSICAL DESCRIPTION
Extent 896 стр. с илл.
653 ## - INDEX TERM--UNCONTROLLED
Uncontrolled term Теплотехнический справочник.
942 ## - ADDED ENTRY ELEMENTS (KOHA)
Koha item type წიგნი
ეგზემპლარები
Withdrawn status Lost status Damaged status Not for loan Date acquired Barcode Date last seen Price effective from Koha item type
        2018-12-17 9474 2018-12-17 2018-12-17 წიგნი